Countries by letter - Statistics

General Stats
  • This quiz has been taken 49 times
  • The average score is 8 of 196
Answer Stats
Answer % Correct
United Kingdom. U
100%
Canada. A
77%
United States. C
77%
Australia. F
73%
France. I
73%
Italy. N
63%
Brazil. R
47%
Japan. B
47%
New Zealand. J
47%
Russia. I
47%
Ireland. S
43%
South Korea. S
30%
Sweden. C
20%
China. G
17%
Greece. I
17%
Albania. N
3%
Georgia. L
3%
Nepal. G
3%
Afghanistan. M
0%
Algeria. C
0%
Andorra. U
0%
Angola. B
0%
Antigua and Barbuda. K
0%
Argentina. C
0%
Armenia. M
0%
Austria. B
0%
Azerbaijan. U
0%
Bahamas. C
0%
Bahrain. P
0%
Bangladesh. P
0%
Barbados. S
0%
Belarus. P
0%
Belgium. A
0%
Belize. H
0%
Benin. B
0%
Bhutan. I
0%
Bolivia. S
0%
Bosnia and Herzegovina. P
0%
Botswana. E
0%
Brunei. L
0%
Bulgaria. E
0%
Burkina Faso. D
0%
Burundi. S
0%
Cambodia. R
0%
Cameroon. T
0%
Cape Verde. G
0%
Central African Republic. N
0%
Chad. K
0%
Chile. S
0%
Colombia. S
0%
Comoros. M
0%
Costa Rica. M
0%
Côte d'Ivoire. B
0%
Croatia. N
0%
Cuba. C
0%
Cyprus. S
0%
Czech Republic. C
0%
Denmark. T
0%
Djibouti. M
0%
Dominica. L
0%
Dominican Republic. K
0%
D.R. Congo. M
0%
East Timor. S
0%
Ecuador. S
0%
Egypt. I
0%
El Salvador. B
0%
Equatorial Guinea. S
0%
Eritrea. C
0%
Estonia. C
0%
Ethiopia. M
0%
Federated States of Micronesia. B
0%
Fiji. U
0%
Finland. N
0%
Gabon. S
0%
Gambia. G
0%
Germany. S
0%
Ghana. T
0%
Grenada. T
0%
Guatemala. Z
0%
Guinea Bissau. Done!
0%
Guinea. E
0%
Haiti. C
0%
Honduras. A
0%
Hungary. M
0%
Iceland. B
0%
India. I
0%
Indonesia. N
0%
Iran. H
0%
Iraq. M
0%
Israel. F
0%
Jamaica. D
0%
Jordan. B
0%
Kazakhstan. M
0%
Kenya. V
0%
Kiribati. Z
0%
Kosovo. B
0%
Kuwait. S
0%
Kyrgyzstan. S
0%
Laos. P
0%
Latvia. P
0%
Lebanon. K
0%
Lesotho. C
0%
Liberia. B
0%
Libya. T
0%
Lichtenstein. F
0%
Lithuania. A
0%
Luxembourg. E
0%
Macedonia. C
0%
Madagascar. A
0%
Malawi. B
0%
Malaysia. B
0%
Maldives. M
0%
Mali. S
0%
Malta. A
0%
Marshall Islands. F
0%
Mauritania. T
0%
Mauritius. S
0%
Mexico. I
0%
Moldova. B
0%
Monaco. S
0%
Mongolia. M
0%
Montenegro. M
0%
Morocco. L
0%
Mozambique. M
0%
Myanmar. M
0%
Namibia. R
0%
Nauru. E
0%
Netherlands. S
0%
Nicaragua. L
0%
Nigeria. S
0%
Niger. O
0%
North Korea. U
0%
Norway. N
0%
Oman. Y
0%
Pakistan. C
0%
Palau. A
0%
Panama. U
0%
Papua New Guinea. P
0%
Paraguay. A
0%
Peru. T
0%
Philippines. H
0%
Poland. V
0%
Portugal. C
0%
Qatar. D
0%
Republic of the Congo. E
0%
Romania. S
0%
Rwanda. S
0%
Samoa. D
0%
San Marino. I
0%
São Tomé and Principe. G
0%
Saudi Arabia. P
0%
Senegal. C
0%
Serbia. T
0%
Seychelles. L
0%
Sierra Leone. B
0%
Singapore. T
0%
Slovakia. M
0%
Slovenia. E
0%
Solomon Islands. G
0%
Somalia. J
0%
South Africa. J
0%
south Sudan. T
0%
Spain. S
0%
Sri Lanka. V
0%
St.Kitts and Nevis. S
0%
St Lucia. G
0%
St Vincent and the Grenadines. R
0%
Sudan. N
0%
Suriname. M
0%
Swaziland. A
0%
Switzerland. G
0%
Syria. S
0%
Taiwan. L
0%
Tajikistan. T
0%
Tanzania. E
0%
Thailand. C
0%
Togo. G
0%
Tonga. L
0%
Trinidad and Tobago. Q
0%
Tunisia. S
0%
Turkey. M
0%
Turkmenistan. K
0%
Tuvalu
0%
Tuvalu. V
0%
Uganda. N
0%
Ukraine. K
0%
United Arab Emirates. L
0%
Uraguay. P
0%
Uzbekistan. G
0%
Vanuatu. D
0%
Vatican City. A
0%
Venezuela. B
0%
Vietnam. A
0%
Yemen. B
0%
Zambia. S
0%
Zimbabwe. N
0%
No matching quizzes found
Score Distribution
Percent of People with Each Score
Percentile by Number Answered
Your Score History
You have not taken this quiz